Normal view
MARC view
Entry Geographic Name
001 - CONTROL NUMBER
- control field: 15422
003 - CONTROL NUMBER IDENTIFIER
- control field: BD-RjUL
005 - DATE AND TIME OF LATEST TRANSACTION
- control field: 20250507114115.0
008 - FIXED-LENGTH DATA ELEMENTS
- fixed length control field: 250507|| aca||aabn | a|a d
040 ## - CATALOGING SOURCE
- Original cataloging agency: BD-RjUL
- Transcribing agency: BD-RjUL
151 ## - HEADING--GEOGRAPHIC NAME
- Geographic name: India
- General subdivision: History
- Chronological subdivision: Sepoy Rebellion, 1857-1858
- Form subdivision: Personal narratives
670 ## - SOURCE DATA FOUND
- Source citation: Work cat.: (BD-RjUL)84902: ظهير دهلوى، ;; Ẓahīr Dihlavī, 1835-1911. 15420, داستان غدر، ىعنى، ہنگامۂ 57 کے چشم دید حالات / Dāstān-i g̲h̲adr, yaʻnī, hangāmah-yi 57 ke cashmdīd ḥālāt / /